00870nam a2200157Ia 4500008004100000020001800041050002400059110001300083245010700096250001800203260004800221300003600269500010300305505025100408650005300659120625s2012 mx 000 0 spa d a978607406329514aC KGF3400bA28 2012 aMéxico10aAgenda de salud 2012b: compendio de leyes, reglamentos y otras disposiciones conexas sobre la materia a15a edición3 aMéxicob: Ediciones Fiscales ISEFc, 2012 a[paginación variada]b; 20 cm aEl material contiene todas las disposiciones publicadas hasta su fecha de impresión (enero 2012)1 aLey de Salud para el D.F. Ley General de Salud Reglamneto de la Ley General de Salud en Materia de Control Sanitario de la Disposición de Órganos, Tejidos y Cadáveres de Seres Humanos Reglamento Interno del Consejo Nacional de Trasplantes10aSALUD PÚBLICAxLEYES Y LEGISLACIÓNzMÉXICO